<?xml version="1.0" encoding="UTF-8"?>
<record
    xmlns:xsi="http://www.w3.org/2001/XMLSchema-instance"
    xsi:schemaLocation="http://www.loc.gov/MARC21/slim http://www.loc.gov/standards/marcxml/schema/MARC21slim.xsd"
    xmlns="http://www.loc.gov/MARC21/slim">

  <leader>01815nam0a22003131  4500</leader>
  <controlfield tag="001">v19\rc\1262999</controlfield>
  <controlfield tag="005">20260405115509.0</controlfield>
  <datafield tag="035" ind1=" " ind2=" ">
    <subfield code="a">(NLR Aleph) 005192745</subfield>
  </datafield>
  <datafield tag="090" ind1=" " ind2=" ">
    <subfield code="a">5229850</subfield>
    <subfield code="c">5229850</subfield>
  </datafield>
  <datafield tag="100" ind1=" " ind2=" ">
    <subfield code="a">20060306e18931893|||y0rusy50      ca</subfield>
  </datafield>
  <datafield tag="101" ind1="0" ind2=" ">
    <subfield code="a">rus</subfield>
  </datafield>
  <datafield tag="102" ind1=" " ind2=" ">
    <subfield code="a">RU</subfield>
  </datafield>
  <datafield tag="105" ind1=" " ind2=" ">
    <subfield code="a">y   z   |||h|</subfield>
  </datafield>
  <datafield tag="200" ind1="1" ind2=" ">
    <subfield code="a">&#x420;&#x435;&#x447;&#x44C; &#x432;&#x44B;&#x441;&#x43E;&#x43A;&#x43E;&#x43F;&#x440;&#x435;&#x43E;&#x441;&#x432;&#x44F;&#x449;&#x435;&#x43D;&#x43D;&#x43E;&#x433;&#x43E; &#x41F;&#x430;&#x43B;&#x43B;&#x430;&#x434;&#x438;&#x44F;, &#x43C;&#x438;&#x442;&#x440;&#x43E;&#x43F;&#x43E;&#x43B;&#x438;&#x442;&#x430; &#x421;.-&#x41F;&#x435;&#x442;&#x435;&#x440;&#x431;&#x443;&#x440;&#x433;&#x441;&#x43A;&#x43E;&#x433;&#x43E; &#x438; &#x41B;&#x430;&#x434;&#x43E;&#x436;&#x441;&#x43A;&#x43E;&#x433;&#x43E;, &#x43A; &#x43F;&#x440;&#x435;&#x43E;&#x441;&#x432;&#x44F;&#x449;&#x435;&#x43D;&#x43D;&#x43E;&#x43C;&#x443; &#x410;&#x43B;&#x435;&#x43A;&#x441;&#x438;&#x44E;, &#x435;&#x43F;&#x438;&#x441;&#x43A;&#x43E;&#x43F;&#x443; &#x421;&#x430;&#x440;&#x430;&#x43F;&#x443;&#x43B;&#x44C;&#x441;&#x43A;&#x43E;&#x43C;&#x443; &#x43F;&#x440;&#x438; &#x432;&#x440;&#x443;&#x447;&#x435;&#x43D;&#x438;&#x438; &#x43F;&#x430;&#x441;&#x442;&#x44B;&#x440;&#x441;&#x43A;&#x43E;&#x433;&#x43E; &#x436;&#x435;&#x437;&#x43B;&#x430;</subfield>
  </datafield>
  <datafield tag="210" ind1=" " ind2=" ">
    <subfield code="a">[&#x421;&#x430;&#x43D;&#x43A;&#x442;-&#x41F;&#x435;&#x442;&#x435;&#x440;&#x431;&#x443;&#x440;&#x433;]</subfield>
    <subfield code="d">&#x446;&#x435;&#x43D;&#x437;. 1893</subfield>
  </datafield>
  <datafield tag="215" ind1=" " ind2=" ">
    <subfield code="a">4 &#x441;.</subfield>
  </datafield>
  <datafield tag="309" ind1=" " ind2=" ">
    <subfield code="a">&#x411;&#x435;&#x437; &#x442;&#x438;&#x442;. &#x43B;. &#x438; &#x43E;&#x431;&#x43B;.</subfield>
  </datafield>
  <datafield tag="311" ind1=" " ind2=" ">
    <subfield code="a">&#x418;&#x437; &#x436;&#x443;&#x440;&#x43D;. "&#x426;&#x435;&#x440;&#x43A;&#x43E;&#x432;&#x43D;&#x44B;&#x435; &#x432;&#x435;&#x434;&#x43E;&#x43C;&#x43E;&#x441;&#x442;&#x438;" &#x2116; 24, 1893 &#x433;.</subfield>
  </datafield>
  <datafield tag="488" ind1=" " ind2="0">
    <subfield code="1">2001#$a&#x426;&#x435;&#x440;&#x43A;&#x43E;&#x432;&#x43D;&#x44B;&#x435; &#x432;&#x435;&#x434;&#x43E;&#x43C;&#x43E;&#x441;&#x442;&#x438;$v1893, &#x2116; 24</subfield>
    <subfield code="t">&#x426;&#x435;&#x440;&#x43A;&#x43E;&#x432;&#x43D;&#x44B;&#x435; &#x432;&#x435;&#x434;&#x43E;&#x43C;&#x43E;&#x441;&#x442;&#x438;</subfield>
  </datafield>
  <datafield tag="532" ind1="1" ind2="2">
    <subfield code="a">&#x420;&#x435;&#x447;&#x44C; &#x432;&#x44B;&#x441;&#x43E;&#x43A;&#x43E;&#x43F;&#x440;&#x435;&#x43E;&#x441;&#x432;&#x44F;&#x449;&#x435;&#x43D;&#x43D;&#x43E;&#x433;&#x43E; &#x41F;&#x430;&#x43B;&#x43B;&#x430;&#x434;&#x438;&#x44F;, &#x43C;&#x438;&#x442;&#x440;&#x43E;&#x43F;&#x43E;&#x43B;&#x438;&#x442;&#x430; &#x421;&#x430;&#x43D;&#x43A;&#x442;-&#x41F;&#x435;&#x442;&#x435;&#x440;&#x431;&#x443;&#x440;&#x433;&#x441;&#x43A;&#x43E;&#x433;&#x43E; &#x438; &#x41B;&#x430;&#x434;&#x43E;&#x436;&#x441;&#x43A;&#x43E;&#x433;&#x43E;, &#x43A; &#x43F;&#x440;&#x435;&#x43E;&#x441;&#x432;&#x44F;&#x449;&#x435;&#x43D;&#x43D;&#x43E;&#x43C;&#x443; &#x410;&#x43B;&#x435;&#x43A;&#x441;&#x438;&#x44E;, &#x435;&#x43F;&#x438;&#x441;&#x43A;&#x43E;&#x43F;&#x443; &#x421;&#x430;&#x440;&#x430;&#x43F;&#x443;&#x43B;&#x44C;&#x441;&#x43A;&#x43E;&#x43C;&#x443; &#x43F;&#x440;&#x438; &#x432;&#x440;&#x443;&#x447;&#x435;&#x43D;&#x438;&#x438; &#x43F;&#x430;&#x441;&#x442;&#x44B;&#x440;&#x441;&#x43A;&#x43E;&#x433;&#x43E; &#x436;&#x435;&#x437;&#x43B;&#x430;</subfield>
  </datafield>
  <datafield tag="700" ind1=" " ind2="0">
    <subfield code="8">rus</subfield>
    <subfield code="7">ca</subfield>
    <subfield code="a">&#x41F;&#x430;&#x43B;&#x43B;&#x430;&#x434;&#x438;&#x439;</subfield>
    <subfield code="c">&#x420;&#x430;&#x435;&#x432;, &#x41F;&#x430;&#x432;&#x435;&#x43B; &#x418;&#x432;&#x430;&#x43D;&#x43E;&#x432;&#x438;&#x447;</subfield>
    <subfield code="c">&#x43C;&#x438;&#x442;&#x440;&#x43E;&#x43F;&#x43E;&#x43B;&#x438;&#x442; &#x421;&#x430;&#x43D;&#x43A;&#x442;-&#x41F;&#x435;&#x442;&#x435;&#x440;&#x431;&#x443;&#x440;&#x433;&#x441;&#x43A;&#x438;&#x439; &#x438; &#x41B;&#x430;&#x434;&#x43E;&#x436;&#x441;&#x43A;&#x438;&#x439;</subfield>
    <subfield code="f">1827-1898</subfield>
    <subfield code="3">RU\NLR\AUTH\7745869</subfield>
    <subfield code="9">28804</subfield>
  </datafield>
  <datafield tag="702" ind1=" " ind2="0">
    <subfield code="a">&#x410;&#x43B;&#x435;&#x43A;&#x441;&#x438;&#x439;</subfield>
    <subfield code="c">&#x435;&#x43F;&#x438;&#x441;&#x43A;&#x43E;&#x43F; &#x421;&#x430;&#x440;&#x430;&#x43F;&#x443;&#x43B;&#x44C;&#x441;&#x43A;&#x438;&#x439;</subfield>
    <subfield code="4">570</subfield>
  </datafield>
  <datafield tag="790" ind1=" " ind2="1">
    <subfield code="9">z01700</subfield>
    <subfield code="a">&#x420;&#x430;&#x435;&#x432;</subfield>
    <subfield code="b">&#x41F;.&#x418;.</subfield>
    <subfield code="f">1827-1898</subfield>
    <subfield code="g">&#x41F;&#x430;&#x432;&#x435;&#x43B; &#x418;&#x432;&#x430;&#x43D;&#x43E;&#x432;&#x438;&#x447;</subfield>
  </datafield>
  <datafield tag="801" ind1=" " ind2="0">
    <subfield code="a">RU</subfield>
    <subfield code="b">NLR</subfield>
    <subfield code="c">20060306</subfield>
    <subfield code="g">psbo</subfield>
  </datafield>
  <datafield tag="801" ind1=" " ind2="1">
    <subfield code="a">RU</subfield>
    <subfield code="b">ProSoft-M</subfield>
    <subfield code="c">20060306</subfield>
    <subfield code="2">rusmarc</subfield>
  </datafield>
  <datafield tag="801" ind1=" " ind2="2">
    <subfield code="a">RU</subfield>
    <subfield code="b">NLR</subfield>
    <subfield code="c">20070317</subfield>
    <subfield code="2">rusmarc</subfield>
  </datafield>
  <datafield tag="852" ind1=" " ind2=" ">
    <subfield code="a">NLR</subfield>
    <subfield code="j">18.267.3.187</subfield>
  </datafield>
  <datafield tag="942" ind1=" " ind2=" ">
    <subfield code="c">BOOK</subfield>
  </datafield>
  <datafield tag="980" ind1=" " ind2=" ">
    <subfield code="a">NB</subfield>
  </datafield>
  <datafield tag="995" ind1=" " ind2=" ">
    <subfield code="5">2013-10-26</subfield>
    <subfield code="b">NLR02</subfield>
    <subfield code="c">NLR02</subfield>
    <subfield code="e">RFS</subfield>
    <subfield code="f">5192745-10</subfield>
    <subfield code="k">18.267.3.187</subfield>
    <subfield code="o">0</subfield>
    <subfield code="r">BOOK</subfield>
    <subfield code="s">182673187_</subfield>
  </datafield>
</record>
